Real People - Sudden Death - Statistics

General Stats
  • This quiz has been taken 76 times
    38 since last reset
  • The average score is 6 of 11
Answers on the Grid
Answers color-coded by a green-red scale on the quiz's grid according to % correct below.
Donald Trump
Ducky
Crustophy Betokens
Rowan Farnell
Gandhi
Carmelo Anthony
Francis Minguardo
Martin Luther King
Anakin Skywalker
Dovid Lard
Ethan Hunt
Henry Wilbur
Jamal Shead
Brad Pitt
John Smith
Ray MIller
Betty Crocker
Harry Potter
Bill Nye
Mr Murphy
Marshall Mathers
Buddha
Uncle sam
Frodo
 
Answer Stats
Answer % Correct
Donald Trump
97%
Gandhi
88%
Martin Luther King
88%
Brad Pitt
85%
Bill Nye
56%
Carmelo Anthony
56%
Buddha
53%
John Smith
41%
Marshall Mathers
41%
Jamal Shead
3%
Mr Murphy
3%
No matching quizzes found
Score Distribution
Percent of People with Each Score
Percentile by Number Answered
Your Score History
You have not taken this quiz since the last reset